000 00306nam a22001337a 4500
008 170801b xxu||||| |||| 00| 0 eng d
020 _a0070651639
041 _aeng
080 _a004
100 _a32
101 _aSHKI
245 _aAN INTRODUCTION TO COMPUTER SCIENCE
_cTREMBLAY, J.P
942 _2udc
_cBK
999 _c22437
_d22437